000 00721cam a2200217 a 4500
001 000002137
005 20200929145839.0
008 990603s1969 sp a 001|f spa
040 _aDO-SdBNP
_cDLC
082 _a863.4
_bB844m
100 1 _aBretón de los Herreros, Manuel,
_d1796-1873.
_96848
245 1 0 _aMarcela o, ¿a cuál de los tres? /
_cManuel Bretón de los Herreros; edición José Hesse.
260 _aMadrid :
_bTaurus,
_c1969.
300 _a171 p. :
_bil. ;
_c20 cm.
490 1 _aTemas de España ;
_v74
650 4 _aNovela española
_91123
650 4 _aLiteratura española
_9632
700 1 _aHesse, José
_eed.
_96736
830 0 _aTemas de España ;
_v74
_96849
910 _aCatalogación por copia / LC
999 _c1989
_d1989